<?xml version="1.0" encoding="UTF-8"?><?xml-stylesheet type="text/xsl" href="static/style.xsl"?><OAI-PMH xmlns="http://www.openarchives.org/OAI/2.0/" xmlns:xsi="http://www.w3.org/2001/XMLSchema-instance" xsi:schemaLocation="http://www.openarchives.org/OAI/2.0/ http://www.openarchives.org/OAI/2.0/OAI-PMH.xsd"><responseDate>2026-04-17T06:45:42Z</responseDate><request verb="GetRecord" identifier="oai:www.recercat.cat:2072/477947" metadataPrefix="marc">https://recercat.cat/oai/request</request><GetRecord><record><header><identifier>oai:recercat.cat:2072/477947</identifier><datestamp>2025-05-08T16:01:19Z</datestamp><setSpec>com_2072_98</setSpec><setSpec>col_2072_378192</setSpec></header><metadata><record xmlns="http://www.loc.gov/MARC21/slim" xmlns:dcterms="http://purl.org/dc/terms/" xmlns:xsi="http://www.w3.org/2001/XMLSchema-instance" xmlns:doc="http://www.lyncode.com/xoai" xsi:schemaLocation="http://www.loc.gov/MARC21/slim http://www.loc.gov/standards/marcxml/schema/MARC21slim.xsd">
   <leader>00925njm 22002777a 4500</leader>
   <datafield ind2=" " ind1=" " tag="042">
      <subfield code="a">dc</subfield>
   </datafield>
   <datafield ind2=" " ind1=" " tag="720">
      <subfield code="a">Fortuny Guasch, Rosa</subfield>
      <subfield code="e">author</subfield>
   </datafield>
   <datafield ind2=" " ind1=" " tag="720">
      <subfield code="a">Sanahuja Gavaldà, José María</subfield>
      <subfield code="e">author</subfield>
   </datafield>
   <datafield ind2=" " ind1=" " tag="260">
      <subfield code="c">2020</subfield>
   </datafield>
   <datafield ind2=" " ind1=" " tag="520">
      <subfield code="a">En Cataluña, el alumnado con Trastorno del Espectro Autista (TEA) escolarizado en escuelas inclusivas recibe apoyo por parte del servicio de apoyo intensivo para la escolarización inclusiva (SIEI), bien en las aulas ordinarias, o bien en un aula específica. No obstante, para los maestros supone un reto acoger al alumnado con TEA, pues se deben desarrollar numerosas estrategias metodológicas: utilizar una apertura y un cierre claros, dar ejemplos, utilizar un lenguaje concreto, presentar la información de manera oral con apoyo visual, propiciar actividades de interés y anticipar, por citar algunas. Dada su gran variedad, el objetivo del estudio es identificar qué estrategias metodológicas se usan con los alumnos con TEA en el aula regular, y si difieren de las usadas en el aula SIEI. Se desarrolló un estudio cualitativo y descriptivo a partir de la observación en las aulas y entrevistas con una muestra de dos escuelas de educación primaria. Los resultados muestran que ambas escuelas utilizan múltiples estrategias, aunque algunas no se contemplan, por ejemplo, la generalización. Además, cuando hay un aula SIEI, se tiende a situar al alumno con TEA fuera del aula regular, donde el maestro de apoyo mantiene el rol de tutor. En cambio, dentro del aula regular, el maestro de apoyo destina su tiempo al alumno con TEA de bajo funcionamiento; mientras que los alumnos con TEA de alto funcionamiento reciben apoyo por parte de los iguales. Finalmente, se observa la necesidad de desarrollar programas formativos para todo el profesorado para fomentar una mayor inclusión.</subfield>
   </datafield>
   <datafield ind2=" " ind1=" " tag="520">
      <subfield code="a">In Catalonia (Spain), students with Autism Spectrum Disorder (ASD) enrolled in inclusive education receive support from the Intensive Support Service for Inclusive Education Program (SIEI), either in mainstream or special needs classrooms. However, many teachers find it challenging to include ASD students in mainstream classrooms, since they must develop a variety of strategic teaching methodologies: use of clear openings and wrap-ups, use of examples and specific language, presentation of oral information using visual support materials, use of activities to peak student interest and the need to anticipate, just to name a few examples. Given the large variety of teaching methodologies, the objective of this study is to identify which teaching strategies are used with ASD students in mainstream classrooms and compare them with those used in SIEI classrooms. A qualitative and descriptive study was developed based on classroom observation and interviews using a sample of two primary schools. According to the results, both schools use multiple strategies, although some strategies are not considered, such as generalizations. Also, SIEI classrooms tend to place ADD students outside the regular classroom where the support teacher is more of a tutor. However, in regular classrooms, the support teacher spends more time working with low functioning ASD students while high functioning ASD students receive support from their peers. Finally, there is a need to develop more educational programs aimed at teachers to foster greater inclusion of ASD students.</subfield>
   </datafield>
   <datafield tag="653" ind2=" " ind1=" ">
      <subfield code="a">Estrategias metodológicas</subfield>
   </datafield>
   <datafield tag="653" ind2=" " ind1=" ">
      <subfield code="a">Trastorno del Espectro Autista (TEA)</subfield>
   </datafield>
   <datafield tag="653" ind2=" " ind1=" ">
      <subfield code="a">Educación inclusiva</subfield>
   </datafield>
   <datafield tag="653" ind2=" " ind1=" ">
      <subfield code="a">Profesor especializado</subfield>
   </datafield>
   <datafield tag="653" ind2=" " ind1=" ">
      <subfield code="a">Teaching Strategies</subfield>
   </datafield>
   <datafield tag="653" ind2=" " ind1=" ">
      <subfield code="a">Autistic Spectrum Disorder (ASD)</subfield>
   </datafield>
   <datafield tag="653" ind2=" " ind1=" ">
      <subfield code="a">Inclusive Education</subfield>
   </datafield>
   <datafield tag="653" ind2=" " ind1=" ">
      <subfield code="a">Special Education Teachers</subfield>
   </datafield>
   <datafield ind2="0" ind1="0" tag="245">
      <subfield code="a">Comparativa de las estrategias metodológicas utilizadas en dos escuelas inclusivas con alumnado con Trastorno del Espectro Autista (TEA)</subfield>
   </datafield>
</record></metadata></record></GetRecord></OAI-PMH>